| 000 | 00406nam a2200169Ia 4500 | ||
|---|---|---|---|
| 005 | 20250620091908.0 | ||
| 008 | 191130s2009##################000#0#eng## | ||
| 020 |
_a9780575084926 _qpbk |
||
| 041 | _aeng | ||
| 082 | _a823.92 LLO | ||
| 100 | _aLloyd, Tom | ||
| 245 |
_aThe grave thief _cTom Lloyd |
||
| 250 | _a1st ed | ||
| 260 |
_aAmherst, NY _bPyr _c2009 |
||
| 300 | _a491 p. ; 23 cm | ||
| 942 | _cENGLISH | ||
| 999 |
_c51285 _d51285 |
||